NLSUI OPAC header image

The Erik Erikson reader (Record no. 34959)

MARC details
000 -LEADER
fixed length control field 00610nam a2200217Ia 4500
003 - CONTROL NUMBER IDENTIFIER
control field OSt
005 - DATE AND TIME OF LATEST TRANSACTION
control field 20210628105228.0
008 - FIXED-LENGTH DATA ELEMENTS--GENERAL INFORMATION
fixed length control field 160316s2000 xxu||||| |||| 00| 0 eng d
020 ## - INTERNATIONAL STANDARD BOOK NUMBER
International Standard Book Number 9780393048452
040 ## - CATALOGING SOURCE
Transcribing agency n
082 ## - DEWEY DECIMAL CLASSIFICATION NUMBER
Classification number 150.195000
Item number COL
100 ## - MAIN ENTRY--PERSONAL NAME
Personal name Coles Robert
245 ## - TITLE STATEMENT
Title The Erik Erikson reader
260 ## - PUBLICATION, DISTRIBUTION, ETC.
Place of publication, distribution, etc. London
Name of publisher, distributor, etc. W W Norton & Co.
Date of publication, distribution, etc. 2000
300 ## - PHYSICAL DESCRIPTION
Extent 526p
365 ## - TRADE PRICE
Price amount Rs. 1,718
505 ## - FORMATTED CONTENTS NOTE
Formatted contents note Summary:<br/>"This volume, ably assembled and introduced by Robert Coles, presents the Essential Erikson."-Howard Gardner
650 ## - SUBJECT ADDED ENTRY--TOPICAL TERM
Topical term or geographic name entry element 1. Psychoanalysis
700 ## - ADDED ENTRY--PERSONAL NAME
Personal name
--
942 ## - ADDED ENTRY ELEMENTS (KOHA)
Source of classification or shelving scheme Dewey Decimal Classification
Koha item type BOOKs
Holdings
Withdrawn status Lost status Damaged status Not for loan Home library Current library Shelving location Date acquired Cost, normal purchase price Total Checkouts Full call number Barcode Date last seen Price effective from Koha item type
        NLS NLS Library Compactors 30/05/2017 1718.00   150.195 COL 30747 30/05/2017 30/05/2017 BOOKs